| 000 | 00684nam a2200253Ia 4500 | ||
|---|---|---|---|
| 003 | OSt | ||
| 005 | 20220928112342.0 | ||
| 006 | a|||||r|||| 00| 0 | ||
| 007 | ta | ||
| 008 | 220927b |||||||| |||| 00| 0 eng d | ||
| 024 | _a41011 | ||
| 037 | _cTextual | ||
| 040 |
_aSDCL _cSDCL _beng |
||
| 041 |
_2eng _aeng |
||
| 082 | _aS1-6, M7 | ||
| 100 |
_aShea Thomas M _9427625 |
||
| 245 | 0 | _aTeaching children and youth with behavior disorders. | |
| 250 | _a2 | ||
| 260 |
_aNew Jersey _bPrentice-Hall _c1987 |
||
| 300 |
_aix,405p. _ccm. |
||
| 700 |
_a Bauer Anne M _9427626 |
||
| 942 |
_hS1-6, M7 _cTEXL _2CC |
||
| 999 |
_c744396 _d744396 |
||